Cuantificación del plan de emergencia contemplado dentro del plan de acción inmediata

Պահպանված է:
Մատենագիտական մանրամասներ
Համատեղ հեղինակ: SIECA
Ձևաչափ: Տեքստ
Հրապարակվել է: Managua: SIECA
Ցուցիչներ: Ավելացրեք ցուցիչ
Չկան պիտակներ, Եղեք առաջինը, ով նշում է այս գրառումը!

MARC

LEADER 00000 a a2200000 04500
001 22462
003
040
090 |a 152900  
110 |a SIECA  
245 |a Cuantificación del plan de emergencia contemplado dentro del plan de acción inmediata  
260 |a Managua:   |b SIECA  
300 |a 34 p.   |b **no definido**  
999 |c 180  |d 180